The magic bullet (Record no. 76719)
[ view plain ]
| 000 -LEADER | |
|---|---|
| fixed length control field | 00948cab a2200181 4500 |
| 001 - CONTROL NUMBER | |
| control field | ##L132961 |
| 008 - FIXED-LENGTH DATA ELEMENTS--GENERAL INFORMATION | |
| fixed length control field | 060327n2006 000 0 eng u |
| 035 ## - SYSTEM CONTROL NUMBER | |
| System control number | (Sirsi) u132961 |
| 041 0# - LANGUAGE CODE | |
| Language code of text/sound track or separate title | eng |
| 100 1# - MAIN ENTRY--PERSONAL NAME | |
| Personal name | Klein, Rudi |
| 245 04 - TITLE STATEMENT | |
| Title | The magic bullet |
| 260 ## - PUBLICATION, DISTRIBUTION, ETC. | |
| Date of publication, distribution, etc. | 2006 |
| 490 #0 - SERIES STATEMENT | |
| Series statement | Building |
| Volume/sequential designation | 271(8423) 24 March 2006, 53(1) |
| 520 ## - SUMMARY, ETC. | |
| Summary, etc. | Argues for the introduction of project bank accounts to improve the payment process on contracts for the 2012 Olympics and other major projects. Outlines the key factors for consideration when setting up such an account, including the status of the account, the procedure for paying into and out of the account, and whether a side-agreement is required for the project team's contracts. The author believes that project bank accounts will encourage genuine teamworking by ending payment problems. |
| 590 ## - LOCAL NOTE (RLIN) | |
| Local note | IKA280306 |
| 690 ## - LOCAL SUBJECT ADDED ENTRY--TOPICAL TERM (OCLC, RLIN) | |
| Topical term or geographic name as entry element | MANAGEMENT-PROJECT MANAGEMENT-CONTRACT ADMINISTRATION |
| 942 ## - ADDED ENTRY ELEMENTS (KOHA) | |
| Suppress in OPAC | 0 |
| Withdrawn status | Lost status | Source of classification or shelving scheme | Damaged status | Not for loan | Home library | Current library | Shelving location | Date acquired | Total Checkouts | Full call number | Barcode | Date last seen | Copy number | Price effective from | Koha item type |
|---|---|---|---|---|---|---|---|---|---|---|---|---|---|---|---|
| Dewey Decimal Classification | London | London | Journal article | 27/03/2006 | L132961 | 132961-1001 | 06/08/2019 | 1 | 06/08/2019 | Journal article |